000 00734nab a2200229u 4500
001 21314
003 HDC
007 c| |||a|c|aaaa
008 210306b20120830my ||||o |||| 00| 0 eng d
040 _aHDC
245 0 _aMalaysia: Committee Needed To Monitor Halal Certified Medicines
336 _atext
_2rdacontent
337 _acomputer
_2rdamedia
338 _aonline resource
_2rdacarrier
650 _ahalal issue
_95245
650 _apharmaceutical industry
_9799
710 _aBernama
856 _zRequest full-text at [email protected]
942 _2lcc
942 _cNEWS
942 _kNWS0 004946
999 _c18630
_d18630